000 00231nam a22000977a 4500
008 140110t xxu||||| |||| 00| 0 eng d
100 _aVirgina S. Sexton
_9630
245 _aPsychology around the world
300 _a340
942 _2ddc
_cBK
999 _c16892
_d16892